Carregant...
ഊരുവിലക്ക് (Ooruvilakku)
| Autor principal: | |
|---|---|
| Format: | Printed Book |
| Publicat: |
Calicut
Mathrubhoomi
2019
|
| Matèries: |
| LEADER | 00521nam a2200145 4500 | ||
|---|---|---|---|
| 999 | |c 58293 |d 58293 | ||
| 020 | |a 9788182677852 | ||
| 082 | |a M894.8123 |b USH/O | ||
| 100 | |a ഉഷാകുമാരി (Ushakumari) | ||
| 245 | |a ഊരുവിലക്ക് (Ooruvilakku) | ||
| 260 | |a Calicut |b Mathrubhoomi |c 2019 | ||
| 300 | |a 286p | ||
| 650 | |a malayalam novel | ||
| 942 | |c BK | ||
| 952 | |0 0 |1 0 |4 0 |6 M_894_812300000000000_USH_O |7 0 |9 65372 |a KUCL |b KUCL |c M |d 2019-12-16 |g 300.00 |l 1 |m 1 |o M894.8123 USH/O |p 49762 |r 2020-10-21 |s 2020-01-04 |w 2019-12-16 |y BK | ||